Statistiques concernant paroles - Rêves bizarres - Orelsan - Part 2

Cliquez ici pour prendre le quiz!

Statistiques générales

  • Ce quiz a été pris 53 fois
  • Le résultat moyen est 155 sur 245

Statistiques - réponses

Réponse% Correct
de
95%
a
92%
ce
92%
je
92%
me
92%
j'ai
86%
le
86%
pour
86%
rêve
86%
si
86%
tu
86%
vis
86%
bizarres
84%
des
84%
ma
84%
ou
84%
84%
pas
84%
que
84%
rêves
84%
fais
81%
plus
81%
c'est
78%
changeais
78%
fait
78%
les
78%
minable
78%
soir
78%
visage
78%
mets
76%
qui
76%
devant
73%
histoires
73%
la
73%
passe
73%
pourquoi
73%
un
73%
belles
70%
dans
70%
en
70%
mal
70%
miroirs
70%
ne
70%
trucs
70%
ça
68%
et
68%
s'expliquent
68%
te
68%
peu
65%
est
62%
il
62%
sa
62%
San
62%
sûr
62%
sur
62%
ta
62%
blanc
59%
car
59%
comme
59%
mon
59%
par
59%
plan
59%
mieux
57%
noir
57%
qu'on
57%
ambulancier
54%
causes
54%
conséquences
54%
du
54%
écrit
54%
foncé
54%
Jésus
54%
moi
54%
plans
54%
sale
54%
séquences
54%
toi
54%
blanchi
51%
depuis
51%
elles
51%
fer
51%
juste
51%
mais
51%
nous
51%
on
51%
ont
51%
pieds
51%
racisme
51%
sans
51%
sens
51%
baby
49%
bien
49%
bite
49%
bronze
49%
coupures
49%
d'une
49%
écrits
49%
être
49%
faire
49%
mama
49%
millions
49%
n'ont
49%
parle
49%
quand
49%
quoi
49%
tellement
49%
ton
49%
violettes
49%
air
46%
causette
46%
contrat
46%
croise
46%
Croisette
46%
déconstruit
46%
déterminant
46%
financier
46%
indéterminé
46%
jamais
46%
mannequin
46%
moula
46%
Nwaar
46%
pensée
46%
salope
46%
cash
43%
confidences
43%
Dems
43%
Juliette
43%
lance
43%
Montana
43%
pourtant
43%
préfère
43%
tabasse
43%
airs
41%
feras
41%
insomniaque
41%
intervenant
41%
l'amour
41%
shnek
41%
confiance
38%
ferai
38%
Odette
38%
Paris-Hiltonienne
38%
sauf
38%
vivons
38%
brillons
35%
cheveux
35%
choix
35%
diamant
35%
même
35%
sensées
35%
l'enfonce
32%
black
27%
laineux
27%
dense
24%
resignerons
24%
canon
19%
scions
19%
surpris
19%
Perdolan
16%

Distribution des résultats

Percentile par nombre de réponses

% des personnes avec chaque résultat

Votre développement - résultats

Vous n’avez pas pris ce quiz